000 00731nam a22001577a 4500
999 _c63246
_d63246
003 Ge_BSU
005 20250703112651.0
008 250703s1972 ge ||||| |||| 00| 0 geo d
041 _ageo
080 _a349.2(47+57) ს-78
245 _aსსრ კავშირისა და მოკავშირე რესპუბლიკების შრომის კანონმდებლობის საფუძვლები.
264 _aთბილისი :
_bსაბჭ. საქართველო,
_c1972.
300 _a79 გვ. ;
_b16 სმ.
653 _aსაბჭოთა კავშირის შრომის კანონმდებლობა.
942 _2udc
_cᲬᲘᲒᲜᲘ